000 01362nam a2200325Ia 4500
001 48317
003 IT-RoPAU
008 130308s9999 xx 000 0 und d
040 _aIT-RoPAU
040 _cIT-RoPAU
041 _aITALIANO
100 _aFerracuti Franco
100 _gCodice Aut. SPICS: 18612
245 _aPornografia nei mezzi di comunicazione di massa con speciale riguardo alla televisione (La)
245 _bPornografia Nei mezzi di Comunicazione di Massa con speciale riguardo Alla Televisione (La)
250 _a1a ed.
260 _aROMA
260 _bRai - Radio Televisione Italiana
260 _c1976 [1° Ed.:1976 - Ed.Ling.Originale:1976]
300 _a"408 p. (prefazione: 4; testo: 404)"
500 _aPornografia nella Società Contemporanea pornografia e consumismo pornografia e Disgregazione Sociale Effetti della pornografia Pornografia e Delinquenza Sessualità e pornografia Controllo e prevenzione della Pornogtrafia Osceno Oscenità e leggi penali censura Cinematografica pornografia in Televisione Arte e Scienza in Rapporto All'Oscenità buon costume Pudore Moralità Pubblica Decenza
650 _aSAGGI SULLA TELEVISIONE
650 _eCodice materia Spics: 6961
700 _aSolivetti Luigi M.
700 _gCodice Aut. SPICS: 18613
942 _cBK
957 _71
999 _c64973
_d64973
999 _bSI
999 _g1